[Event "TUR-chT 2nd League"]
[Site "Konya"]
[Date "2019.07.25"]
[Round "5.5"]
[White "Demiroglu, Arsen"]
[Black "Gurbuz, Bayram"]
[Result "1-0"]
[WhiteElo "1701"]
[BlackElo "1906"]
[PlyCount "97"]
[EventDate "2019.07.22"]
[EventType "team-swiss"]
[EventRounds "9"]
[EventCountry "TUR"]
[SourceTitle "CBM 191 Extra"]
[Source "ChessBase"]
[SourceDate "2019.09.30"]
[SourceVersion "1"]
[SourceVersionDate "2019.09.30"]
[SourceQuality "1"]
[WhiteTeam "Istanbul Sisli"]
[BlackTeam "Bursa Nida"]
[WhiteTeamCountry "TUR"]
[BlackTeamCountry "TUR"]

1. d4 Nf6 2. c4 c5 3. d5 d6 4. Nc3 g6 5. Nf3 Bg7 6. g3 0-0 7. Bg2 e6 8. 0-0 exd5 9. cxd5 Re8 10. Nd2 b6 11. Qb3 Ba6 12. Re1 Nbd7 13. Nc4 Bxc4 14. Qxc4 Ne5 15. Qb3 c4 16. Qd1 Qc7 17. Bf4 Nfd7 18. Rc1 a6 19. a4 Nc5 20. Qc2 Rac8 21. Rcd1 Qd7 22. Ne4 Nxe4 23. Qxe4 b5 24. axb5 axb5 25. Bd2 Qb7 26. Qc2 b4 27. b3 Rc7 28. Rb1 c3 29. Bf4 Ra8 30. e4 Qa7 31. Re2 Qa6 32. h3 Nd3 33. Bxd6 Qxd6 34. Qxd3 Rca7 35. f4 Qc5+ 36. Kh2 Ra2 37. e5 Rxe2 38. Qxe2 Re8 39. d6 Qxd6 40. Rd1 Qc7 41. Qd3 Rc8 42. Bd5 Rb8 43. h4 Qb6 44. Kg2 Rc8 45. h5 Rc7 46. hxg6 hxg6 47. e6 fxe6 48. Qxg6 Re7 49. Re1 1-0

[Event "TUR-chT 2nd League"]
[Site "Konya"]
[Date "2019.07.22"]
[Round "1.8"]
[White "Demir, Utku Deniz"]
[Black "Gurbuz, Bayram"]
[Result "0-1"]
[WhiteElo "1686"]
[BlackElo "1906"]
[PlyCount "106"]
[EventDate "2019.07.22"]
[EventType "team-swiss"]
[EventRounds "9"]
[EventCountry "TUR"]
[SourceTitle "CBM 191 Extra"]
[Source "ChessBase"]
[SourceDate "2019.09.30"]
[SourceVersion "1"]
[SourceVersionDate "2019.09.30"]
[SourceQuality "1"]
[WhiteTeam "Yalova Altinkale"]
[BlackTeam "Bursa Nida"]
[WhiteTeamCountry "TUR"]
[BlackTeamCountry "TUR"]

1. e4 c5 2. Nc3 d6 3. f4 Nc6 4. Bb5 e6 5. Bxc6+ bxc6 6. Nf3 d5 7. 0-0 d4 8. Ne2 Nf6 9. d3 Be7 10. Qe1 Ba6 11. b3 h5 12. Qg3 Nxe4 13. dxe4 Bxe2 14. Re1 Bxf3 15. Qxf3 Qa5 16. Bb2 0-0-0 17. Red1 Qb6 18. c4 Rd6 19. a4 a5 20. Rd3 Kb7 21. Ba3 Qc7 22. Rf1 Kb6 23. Qg3 g6 24. e5 h4 25. Qg4 Rh5 26. Bc1 Rf5 27. Re1 Rd8 28. Qf3 g5 29. g4 hxg3 30. hxg3 Rg8 31. Re4 g4 32. Qh1 Qd8 33. Re2 Rh8 34. Rh2 Rxh2 35. Qxh2 Qg8 36. Qh6 f6 37. exf6 Bxf6 38. Qh1 Qf7 39. Bd2 Qd7 40. Qe4 e5 41. Qg2 exf4 42. Bxf4 Be5 43. Bd2 Bc7 44. Be1 Qe6 45. Bf2 Qe2 46. Rxd4 Qxf2+ 47. Qxf2 Rxf2 48. Rxg4 Rb2 49. Rg8 Rxb3 50. g4 Rc3 51. g5 Rxc4 52. g6 Rxa4 53. g7 Rg4+ 0-1

[Event "TUR-chT 2nd League"]
[Site "Konya"]
[Date "2018.07.22"]
[Round "9.5"]
[White "Ozsakallioglu, Okan"]
[Black "Gurbuz, Bayram"]
[Result "1-0"]
[WhiteElo "1897"]
[BlackElo "1733"]
[PlyCount "79"]
[EventDate "2018.07.16"]
[EventType "team-swiss"]
[EventRounds "9"]
[EventCountry "TUR"]
[SourceTitle "EXT 2019"]
[Source "ChessBase"]
[SourceDate "2018.10.10"]
[SourceVersion "1"]
[SourceVersionDate "2018.10.10"]
[SourceQuality "1"]
[WhiteTeam "Koroglu Dernegi"]
[BlackTeam "Bursa Nida"]
[WhiteTeamCountry "TUR"]
[BlackTeamCountry "TUR"]

1. e4 d6 2. d4 g6 3. Nc3 c6 4. Be3 Qb6 5. Bc4 e6 6. Nge2 d5 7. Bb3 Nf6 8. 0-0 Nbd7 9. h3 Qa5 10. Re1 Bg7 11. Qd2 Qd8 12. Bf4 0-0 13. Bd6 Re8 14. e5 Ne4 15. Nxe4 dxe4 16. Ng3 b6 17. Nxe4 c5 18. Qf4 h6 19. d5 g5 20. Qg3 Nf8 21. Rad1 Bb7 22. Bxf8 Kxf8 23. Nd6 Qc7 24. Nxe8 Rxe8 25. dxe6 fxe6 26. Qg4 Bc8 27. Ba4 Re7 28. Qh5 Ba6 29. c3 Bb7 30. Qg6 Bd5 31. Bb5 c4 32. b3 cxb3 33. c4 Bb7 34. axb3 a6 35. Ba4 Bc8 36. Rd3 Rf7 37. Red1 b5 38. cxb5 Qc5 39. Rf3 Qe7 40. Rd8+ 1-0

[Event "TUR-chT 2nd League"]
[Site "Konya"]
[Date "2018.07.17"]
[Round "2.15"]
[White "Bastemir, Mehmet Can"]
[Black "Gurbuz, Bayram"]
[Result "0-1"]
[WhiteElo "1442"]
[BlackElo "1733"]
[PlyCount "123"]
[EventDate "2018.07.16"]
[EventType "team-swiss"]
[EventRounds "9"]
[EventCountry "TUR"]
[SourceTitle "EXT 2019"]
[Source "ChessBase"]
[SourceDate "2018.10.10"]
[SourceVersion "1"]
[SourceVersionDate "2018.10.10"]
[SourceQuality "1"]
[WhiteTeam "Genc Efe Izcilik"]
[BlackTeam "Bursa Nida"]
[WhiteTeamCountry "TUR"]
[BlackTeamCountry "TUR"]

1. d4 Nf6 2. e3 d6 3. Nf3 Nbd7 4. c4 e5 5. dxe5 dxe5 6. Nc3 c6 7. Be2 Be7 8. 0-0 0-0 9. Qc2 Qc7 10. b3 Re8 11. Bb2 Bd6 12. e4 a5 13. g3 Nc5 14. Nd2 b6 15. Bf3 h5 16. h4 Ng4 17. Na4 Ne6 18. Bg2 Ba6 19. Nf3 Rad8 20. Rfd1 Nc5 21. Ba3 Nxa4 22. Bxd6 Rxd6 23. Rxd6 Qxd6 24. bxa4 Qc5 25. Rc1 Rd8 26. Bh3 Bc8 27. Nh2 Nf6 28. Bg2 Be6 29. Nf3 Ng4 30. Bf1 g6 31. Ng5 Bc8 32. Bh3 f6 33. Nf3 Nxf2 34. Qxf2 Bxh3 35. Qxc5 bxc5 36. Kf2 Bg4 37. Rb1 Rd3 38. Ne1 Rd2+ 39. Kg1 Rxa2 40. Rb6 Rxa4 41. Rxc6 Rxc4 42. Rxf6 Kg7 43. Rc6 Rxe4 44. Nd3 c4 45. Nxe5 Rxe5 46. Rxc4 Re3 47. Kf2 Re2+ 48. Kf1 Ra2 49. Rc7+ Kf6 50. Rc6+ Be6 51. Rc3 a4 52. Rf3+ Bf5 53. Re3 a3 54. Rc3 Be6 55. g4 hxg4 56. h5 gxh5 57. Kg1 Ra1+ 58. Kf2 a2 59. Ke3 Re1+ 60. Kf4 a1Q 61. Re3 Rf1+ 62. Ke4 0-1

[Event "TUR-chT 2nd League"]
[Site "Konya"]
[Date "2017.07.18"]
[Round "2.3"]
[White "Okay, Ilkin Ege"]
[Black "Gurbuz, Bayram"]
[Result "1-0"]
[WhiteElo "1973"]
[BlackElo "1794"]
[PlyCount "137"]
[EventDate "2017.07.17"]
[EventType "team-swiss"]
[EventRounds "9"]
[EventCountry "TUR"]
[SourceTitle "CBM 179 Extra"]
[Source "ChessBase"]
[SourceDate "2017.08.23"]
[SourceVersion "1"]
[SourceVersionDate "2017.08.23"]
[SourceQuality "1"]
[WhiteTeam "Dogukisla Izcilik"]
[BlackTeam "Bursa Nida"]
[WhiteTeamCountry "TUR"]
[BlackTeamCountry "TUR"]

1. e4 d6 2. d4 Nf6 3. Nc3 e5 4. dxe5 dxe5 5. Qxd8+ Kxd8 6. Bc4 Ke8 7. Nf3 Bd6 8. b3 Nbd7 9. Bb2 a6 10. a4 Nb6 11. Be2 Be6 12. Ng5 Ke7 13. Nxe6 fxe6 14. a5 Nbd7 15. Bc4 Rad8 16. Ke2 Nb8 17. Bd3 Nc6 18. Rhd1 Rhf8 19. h3 Nh5 20. Kf1 Bc5 21. Rd2 Rf7 22. Ba3 Bxa3 23. Rxa3 Nb4 24. Ra1 Nxc2 25. Rxc2 Rxd3 26. Rd1 Ng3+ 27. Ke1 Rxd1+ 28. Kxd1 Nh5 29. Na4 Kf6 30. Nc5 c6 31. Rd2 Nf4 32. Nd7+ Kg5 33. Nxe5 Re7 34. h4+ Kf6 35. Nd7+ Kf7 36. g3 Ng6 37. h5 Nf8 38. Ne5+ Ke8 39. Nc4 Rc7 40. e5 Nd7 41. Ke2 Ke7 42. Ke3 Kf8 43. Rd4 Ke7 44. Rg4 Kf8 45. Kd4 c5+ 46. Ke4 Nb8 47. Rf4+ Kg8 48. h6 Nc6 49. hxg7 Kxg7 50. Rf6 Re7 51. f4 Nd4 52. Nd2 Nc6 53. Nc4 Nd4 54. Nd2 Nc2 55. Kd3 Nb4+ 56. Kc4 Nd5 57. Ne4 Re8 58. Nd6 Re7 59. Nf5+ exf5 60. Kxd5 Rd7+ 61. Kxc5 Rd3 62. Rb6 Rxg3 63. Rxb7+ Kf8 64. Kd6 h5 65. e6 Rd3+ 66. Ke5 h4 67. Kf6 Kg8 68. e7 Re3 69. Rb8+ 1-0